<The> Ultimate Guide to Sport Event Management and Marketing

Salvato in:
Dettagli Bibliografici
Autore principale: Graham, Stedman
Altri autori: Goldblatt, Joe Jeff, Delpy, Lisa
Natura: Libro
Lingua:inglese
Pubblicazione: Chicago IRWIN 1995
Edizione:1. ed.
Soggetti:
Tags: Aggiungi Tag
Nessun Tag, puoi essere il primo ad aggiungerne!!

MARC

LEADER 00000nam a2200000 4500
001 c020094
005 20221205133636.7
020 |a 0-7863-0244-5 
041 0 |a eng 
044 |a US 
245 1 0 |a <The> Ultimate Guide to Sport Event Management and Marketing  |c Stedman Graham, Joe Jeff Goldblatt, Lisa Delpy 
250 |a 1. ed. 
264 1 |a Chicago  |b IRWIN  |c 1995 
300 |a 383 s. 
610 2 0 |a šport 
610 2 0 |a manažment 
610 2 0 |a marketing 
610 2 0 |a riadenie regionálne 
610 2 0 |a scenáre 
610 2 0 |a organizácie medzinárodné 
610 2 0 |a hry 
100 1 |a Graham, Stedman 
700 1 |a Goldblatt, Joe Jeff 
700 1 |a Delpy, Lisa